00630 2200229 4500001002100000005001500021035002000036007000300056008004100059020001800100082000800118084001400126100001100140245008700151250001000238260005000248300004700298650000900345700001600354856001400370990001600384INLIS00000000000099120230520073940 a0010-0523000007ta230520 g 0 ind  a978-244-300-1 a780 a780 TUR s0 aTurino1 aSeni Musik Kita dan Musik SMA Kelas XI Buku Panduan Guru /cTurino dan A Budiyanto aCet.1 aJakarta :bPusat Perbukuan Kemendikbud,c2021 axii+276 hlm :bIlust ;c17,6 cm x 25 cme- 4aSeni0 aA Budiyanto a780 TUR s a4896/B-2023